Líder na čokoládovom trhu
Generálny riaditeľ Jacobs Suchard Figaro Jean-Pierre Guillou o investičných zámeroch vedúcej cukrovinkárskej spoločnosti. Od r. 1992 je 67-percentným vlastníkom bratislavského Figara Jacobs Suchard. Rozhodujúce postavenie na domácom trhu, prienik na zahraničné trhy, konkurencia.
Gespeichert in:
| 1. Verfasser: | |
|---|---|
| Weitere Verfasser: | |
| Format: | Buchkapitel |
| Sprache: | Slowakisch |
| Schlagworte: | |
| Tags: |
Keine Tags, Fügen Sie das erste Tag hinzu!
|
MARC
| LEADER | 00000naa a2200000 4500 | ||
|---|---|---|---|
| 001 | r018484 | ||
| 005 | 20221213095749.4 | ||
| 041 | 0 | |a slo | |
| 044 | |a SK | ||
| 245 | 1 | 0 | |a Líder na čokoládovom trhu |c J.P. Guillou, E. Bujačková |
| 520 | |a Generálny riaditeľ Jacobs Suchard Figaro Jean-Pierre Guillou o investičných zámeroch vedúcej cukrovinkárskej spoločnosti. Od r. 1992 je 67-percentným vlastníkom bratislavského Figara Jacobs Suchard. Rozhodujúce postavenie na domácom trhu, prienik na zahraničné trhy, konkurencia. | ||
| 610 | 2 | 0 | |a Slovensko |
| 610 | 2 | 0 | |a 1992-1995 |
| 610 | 2 | 0 | |a potravinárstvo |
| 610 | 2 | 0 | |a Jacobs Suchard Figaro, a.s. Bratislava |
| 610 | 2 | 0 | |a Jacobs Suchard |
| 100 | 1 | |a Guillou, J.P. | |
| 700 | 1 | |a Bujačková, E. | |